00306nam a2200121Ia 4500008004100000082001100041100001500052245002800067250000800095260003700103300000800140650003600148191201s2004 xx 000 0 und d a540FIC aFinar, I L 0aOrganic Chemistry vol-1 a6th aN.DelhibPearson Educationc2004 a965 aPharmaceutical Organic Chemisty